00443 2200169 4500001002100000008004100021035002000062245004100082100001400123260004000137300002300177020002200200084001400222082000800236650001600244990001300260INLIS000000000001047 ind  a0010-0120001047 aSemiliar Cinta Untuk BundacNovi Chi aChi, Novi aJakarta :bGema Insani Press,c2012 a176 hlm.c18,3 cm. a978-979-077-298-4 a813 NOV s a813 aNovel Fiksi a11900561